Statistics for Psychic-Type Pokemon Moves

Click here to take the quiz!

General Stats

  • This quiz has been taken 706 times
  • The average score is 29 of 53

Answer Stats

CategoryDescriptionMove% Correct
Special30% chance to lower target's Sp Defense -1Psychic
98%
StatusAllows user to flee battle; an Abra specialtyTeleport
85%
StatusSwitches user's and target's held itemsTrick
84%
Special10% chance to confuse target; 65 powerPsybeam
82%
Special10% chance to confuse target; 50 powerConfusion
81%
StatusReverses all Pokemon's Speed for 5 turnsTrick Room
81%
StatusPuts target to sleepHypnosis
80%
StatusUser goes to sleep and restores HPRest
79%
StatusDefense +2 for user's team for 5 turnsReflect
78%
StatusSp Defense +2 for user's team for 5 turnsLight Screen
75%
SpecialUses user's Sp Attack, but the target's DefensePsyshock
74%
PhysicalHigh critical hit ratio; a Gallade specialtyPsycho Cut
73%
StatusSp Attack +1, Sp Defense +1Calm Mind
72%
SpecialTarget is damaged 2 turns after it is usedFuture Sight
71%
SpecialPower varies within 0.5x-1.5x user's levelPsywave
71%
SpecialUser's HP is restored by 1/2 damage to sleeping targetDream Eater
70%
StatusLevitating/Flying Pokemon become groundedGravity
66%
PhysicalMay cause flinch; 80 powerZen Headbutt
64%
StatusSpeed +2; a Metagross specialtyAgility
60%
StatusKadabra's/Alakazam's signature move; Gen 1Kinesis
60%
SpecialDeoxys's signature movePsycho Boost
59%
SpecialLatios's signature moveLuster Purge
56%
SpecialMewtwo's signature movePsystrike
56%
StatusReverses all Pokemon's Attack/Sp Attack for 5 turnsPower Swap
53%
StatusUser prevents opposing team from healing for 5 turnsHeal Block
51%
StatusRestores 1/2 HP to target; an Audino specialtyHeal Pulse
51%
SpecialLatias's signature moveMist Ball
51%
StatusSwitches user's and target's abilitiesSkill Swap
50%
StatusDefense +1, Sp Defense +1Cosmic Power
49%
StatusUser faints, restores HP/statuses to next PokemonHealing Wish
49%
StatusPrevents opponents from using moves known by userImprison
48%
StatusSp Defense +2Amnesia
46%
StatusSwitches changes to Def/Sp Def between target and userGuard Swap
46%
StatusDeals x2 damage to target if user is hit by Special moveMirror Coat
46%
StatusMakes target immune to Ground, ignores evasion boostsTelekinesis
46%
SpecialPower increases as user's stat gains increaseStored Power
45%
StatusDefense +2Barrier
44%
StatusReverses all Pokemon's Defense/Sp Defense for 5 turnsWonder Room
44%
StatusCresselia's signature moveLunar Dance
43%
StatusAttack +1Meditate
42%
SpecialDamages Pokemon with the same type as the userSynchronoise
41%
StatusSuppresses the effect of all items for 5 turnsMagic Room
40%
SpecialMay cause flinchExtrasensory
39%
StatusSwitches user's Defense and Attack; a Shuckle specialtyPower Trick
37%
StatusTransfers status ailment to target; a Sigilyph specialtyPsycho Shift
37%
StatusManaphy's signature moveHeart Swap
35%
StatusAverages user's and target's Attack and Sp AttackPower Split
35%
StatusAverages user's and target's Defense and Sp DefenseGuard Split
34%
StatusReflects status/trap moves back at the targetMagic Coat
34%
StatusEnable Dark types to be hit with Psychic movesMiracle Eye
34%
PhysicalMay cause flinch; 60 powerHeart Stamp
28%
StatusUser copies target's abilityRole Play
24%
StatusKadabra's/Alakazam's signature move; Gen 5Ally Switch
19%

Score Distribution

Percentile by Number Answered

Percent of People with Each Score

Your Score History

You have not taken this quiz